عرض عادي
عرض مارك
- اليازوري، محمود عبد الرحيم
دخول Personal Name
001 - CONTROL NUMBER
- control field: 29019
003 - CONTROL NUMBER IDENTIFIER
- control field: AE-AdECS
005 - DATE AND TIME OF LATEST TRANSACTION
- control field: 20260423142220.0
008 - FIXED-LENGTH DATA ELEMENTS
- fixed length control field: 260423|| aca||aabn | a|a d
040 ## - CATALOGING SOURCE
- Original cataloging agency: AE-AdECS
- Transcribing agency: AE-AdECS
100 ## - HEADING--PERSONAL NAME
- Personal name: اليازوري، محمود عبد الرحيم
670 ## - SOURCE DATA FOUND
- Source citation: Work cat.: (AE-AdECS)294862: اليازوري، محمود عبد الرحيم مؤلف., السلوك السياسي والرأي العام /
